Understanding object-oriented programming with JAVA / (Record no. 55898)
[ view plain ]
| 000 -LEADER | |
|---|---|
| fixed length control field | 00789nam a2200253 a 4500 |
| 001 - CONTROL NUMBER | |
| control field | 55898 |
| 003 - CONTROL NUMBER IDENTIFIER | |
| rucl marc code | BD-RjUL |
| 005 - DATE AND TIME OF LATEST TRANSACTION | |
| control field | 20211209080329.0 |
| 008 - FIXED-LENGTH DATA ELEMENTS--GENERAL INFORMATION | |
| fixed length control field | 161122s20052000ii p|||| |||| 001 0 eng d |
| 020 ## - INTERNATIONAL STANDARD BOOK NUMBER | |
| International Standard Book Number | 8178083450 |
| 035 ## - SYSTEM CONTROL NUMBER | |
| System control number | (BD-RjUL) 56022 |
| 040 ## - CATALOGING SOURCE | |
| Original cataloging agency | BD-RjUL |
| Language of cataloging | eng |
| Modifying agency | BD-RjUL |
| Transcribing agency | BD-RjUL |
| 041 ## - LANGUAGE CODE | |
| Language code of text/sound track or separate title | eng |
| 082 ## - DEWEY DECIMAL CLASSIFICATION NUMBER | |
| Edition number | 23 |
| Author mark and year | BUU 2005 |
| Classification number | 005.133 |
| 100 1# - MAIN ENTRY--PERSONAL NAME | |
| Personal name | Budd, Timothy. |
| 9 (RLIN) | 166413 |
| 245 10 - TITLE STATEMENT | |
| Title | Understanding object-oriented programming with JAVA / |
| Statement of responsibility, etc. | Timothy Budd. |
| 250 ## - EDITION STATEMENT | |
| Edition statement | Updated ed. |
| 260 ## - PUBLICATION, DISTRIBUTION, ETC. (IMPRINT) | |
| Place of publication, distribution, etc. | India : |
| Name of publisher, distributor, etc. | Pearson Education, |
| Date of publication, distribution, etc. | c2000[reprinted 2005] |
| 300 ## - PHYSICAL DESCRIPTION | |
| Pagination | xxi, 420 p. : |
| Illustrations | ill. ; |
| Size | 23 cm. |
| 500 ## - GENERAL NOTE | |
| General note | Includes index. |
| 650 #0 - SUBJECT ADDED ENTRY--TOPICAL TERM | |
| Topical term or geographic name as entry element | Object-oriented programming (Computer science) |
| 9 (RLIN) | 119030 |
| Topical term or geographic name as entry element | Java (Computer program language) |
| 9 (RLIN) | 118206 |
| 942 ## - ADDED ENTRY ELEMENTS (KOHA) | |
| Source of classification or shelving scheme | Dewey Decimal Classification |
| Koha item type | Books |
| Lost status | Source of classification or shelving scheme | Damaged status | Not for loan | Collection code | Permanent Location | Current Location | Shelving location | Date acquired | Source of acquisition | Cost, normal purchase price | Total Checkouts | Total Renewals | Full call number | Date last seen | Date checked out | Copy number | Koha item type |
|---|---|---|---|---|---|---|---|---|---|---|---|---|---|---|---|---|---|
| Dewey Decimal Classification | Non-fiction | Central Library, University of Rajshahi | Central Library, University of Rajshahi | 20/05/2006 | Dhaka Paragon Enterprise. | 295.00 | 4 | 005.133 BUU 2005 | 30/08/2022 | 22/08/2022 | C-2 | Books | |||||
| Dewey Decimal Classification | Not For Loan | Non-fiction | Central Library, University of Rajshahi | Central Library, University of Rajshahi | Reading Room | 20/05/2006 | Paragon enterprises ltd., Dhaka | 295.00 | 005.133 BUU 2005 | 12/03/2017 | C-1 | Books |